| 000 | 00738nam a22002777a 4500 | ||
|---|---|---|---|
| 001 | 200427752 | ||
| 003 | TR-AnTOB | ||
| 005 | 20250516091336.0 | ||
| 008 | 171030b xxua|||g |||| 00| j eng d | ||
| 020 | _a9788853002150 | ||
| 040 |
_aTR-AnTOB _beng _cTR-AnTOB _erda |
||
| 041 | _aeng | ||
| 050 | _aPE | ||
| 090 | _aPE EASY BLA L1 MYS 2005 | ||
| 099 | _aPE EASY BLA L2 CLE 2005 | ||
| 100 |
_aClemen, Gina D. B. _95876 |
||
| 245 | _aMystery in San Francisco | ||
| 264 |
_aGenoa : _bBlackcat, _c2005. |
||
| 300 |
_a80 pages : _bcolored illustrations ; _c24 cm |
||
| 336 |
_2rdacontent _atext |
||
| 337 |
_2rdamedia _aunmediated |
||
| 338 |
_2rdacarrier _avolume |
||
| 942 |
_2lcc _cBBK |
||
| 999 |
_c200427752 _d45676 |
||